The Institution of Surveyors bye-laws and regulations made and established at a general meeting of the members 1868 (Record no. 99742)

MARC details
000 -LEADER
fixed length control field 00633cam a22001815a 4500
001 - CONTROL NUMBER
control field ##J100658
008 - FIXED-LENGTH DATA ELEMENTS--GENERAL INFORMATION
fixed length control field 000000s1868 000 0 eng u
035 ## - SYSTEM CONTROL NUMBER
System control number (Sirsi) u100658
041 0# - LANGUAGE CODE
Language code of text/sound track or separate title eng
050 04 - LIBRARY OF CONGRESS CALL NUMBER
Classification number 333.0062 $2 18
110 2# - MAIN ENTRY--CORPORATE NAME
Corporate name or jurisdiction name as entry element Institution of Surveyors
9 (RLIN) 405
245 04 - TITLE STATEMENT
Title The Institution of Surveyors bye-laws and regulations made and established at a general meeting of the members 1868
260 ## - PUBLICATION, DISTRIBUTION, ETC.
Place of publication, distribution, etc. [S.l.]
Name of publisher, distributor, etc. [s.n.]
Date of publication, distribution, etc. 1868
300 ## - PHYSICAL DESCRIPTION
Extent 13p.
Dimensions 32cm.
520 ## - SUMMARY, ETC.
Summary, etc. Photocopy of the first RICS bye-laws and regulations.
690 ## - LOCAL SUBJECT ADDED ENTRY--TOPICAL TERM (OCLC, RLIN)
Topical term or geographic name as entry element ABOUT RICS-RICS STRUCTURE AND GOVERNANCE-RICS ROYAL CHARTER AND BYE-LAWS
942 ## - ADDED ENTRY ELEMENTS (KOHA)
Suppress in OPAC 0
Holdings
Withdrawn status Lost status Source of classification or shelving scheme Damaged status Not for loan Home library Current library Shelving location Date acquired Total Checkouts Full call number Barcode Date last seen Copy number Price effective from Koha item type
    Dewey Decimal Classification     Historic collection Historic collection RICS Boxes 21/10/1999   RICS 1868/1 30059585 06/08/2019 1 06/08/2019 Archive
    Dewey Decimal Classification     Historic collection Historic collection RICS Boxes 21/10/1999   RICS 1868/1 30059286 06/08/2019 2 06/08/2019 Archive